Raccolta di dissertazioni di storia ecclesiastica in italiano, scritte o tradotte dal francese ... / (Record n. 26093)

Dettagli MARC
000 -LEADER
fixed length control field 00847nam a2200229 i 4500
003 - CONTROL NUMBER IDENTIFIER
control field IT-RoINE
005 - DATE AND TIME OF LATEST TRANSACTION
control field 20190919065558.0
008 - FIXED-LENGTH DATA ELEMENTS--GENERAL INFORMATION
fixed length control field 030428m18401841it |r |||0|||ita|d
040 ## - CATALOGING SOURCE
Transcribing agency IT-RoINE
Modifying agency IT-RoINE
100 1# - MAIN ENTRY--PERSONAL NAME
Personal name Zaccaria, Francesco Antonio,
Titles and other words associated with a name S.I.,
Dates associated with a name 1714-1795
9 (RLIN) 51684
245 10 - TITLE STATEMENT
Title Raccolta di dissertazioni di storia ecclesiastica in italiano, scritte o tradotte dal francese ... /
Statement of responsibility, etc per cura di Francesco Antonio Zaccaria.
250 ## - EDITION STATEMENT
Edition statement 2ª ed.
260 ## - PUBLICATION, DISTRIBUTION, ETC. (IMPRINT)
Place of publication, distribution, etc Roma :
Name of publisher, distributor, etc Tipografia Ferretti,
Date of publication, distribution, etc 1840-1841.
300 ## - PHYSICAL DESCRIPTION
Extent 4 v. ;
Dimensions 26 cm.
336 ## - CONTENT TYPE
Source rdacontent
Content type term text
337 ## - MEDIA TYPE
Source rdamedia
Media type term unmediated
338 ## - CARRIER TYPE
Source rdacarrier
Carrier type term volume
500 ## - GENERAL NOTE
General note Texto en dos columnas.
504 ## - BIBLIOGRAPHY, ETC. NOTE
Bibliography, etc Incluye referencias bibliográficas en notas.
610 24 - SUBJECT ADDED ENTRY--CORPORATE NAME
9 (RLIN) 44582
Corporate name or jurisdiction name as entry element Iglesia Católica
General subdivision Historia
Form subdivision Discursos, ensayos, conferencias
942 ## - ADDED ENTRY ELEMENTS (KOHA)
Item type Monografías
Dati di copia
Withdrawn status Lost status Damaged status Not for loan Home library Current library Date acquired Total Checkouts Full call number Barcode Date last seen Price effective from Koha item type Public note
        Iglesia Nacional Española en Roma Iglesia Nacional Española en Roma 16/07/2018   HIS.ECL 222.1 51701 16/07/2018 16/07/2018 Monografías T. 1
        Iglesia Nacional Española en Roma Iglesia Nacional Española en Roma 16/07/2018   HIS.ECL 222.4 51702 16/07/2018 16/07/2018 Monografías T. 4
        Iglesia Nacional Española en Roma Iglesia Nacional Española en Roma 19/09/2019   HIS.ECL 222.2 58539 19/09/2019 19/09/2019 Monografías T. 2
        Iglesia Nacional Española en Roma Iglesia Nacional Española en Roma 19/09/2019   HIS.ECL 222.3 58540 19/09/2019 19/09/2019 Monografías T. 3